[Event "Reykjavik Open 2024"]
[Site "Reykjavik ISL"]
[Date "2024.03.20"]
[Round "8.54"]
[White "Haldorsen, Benjamin"]
[Black "Zhou, David"]
[Result "1/2-1/2"]
[WhiteTitle "IM"]
[WhiteElo "2426"]
[BlackElo "1954"]
[WhiteFideId "1512633"]
[BlackFideId "2623234"]
[EventDate "2024.03.15"]

1. e4 c5 2. Nf3 e6 3. d4 cxd4 4. Nxd4 Nc6 5. Bf4 Qf6 6. Be3 Bc5 7. c3 Nge7 8.
Nb5 Bxe3 9. Nd6+ Kf8 10. fxe3 Ne5 11. Nd2 h5 12. N2c4 N7c6 13. Qd2 Qh4+ 14. Kd1
Ng4 15. Kc2 b5 16. Na3 Qf2 17. Naxb5 Nxe3+ 18. Kc1 Ng4 19. Be2 Qe3 20. h3 Qxd2+
21. Kxd2 Nge5 22. Ke3 h4 23. b4 Ke7 24. Rhd1 Ba6 25. a4 Rh6 26. Rab1 Rg6 27. Kf2
Rg3 28. c4 Rb8 29. c5 Bb7 30. Nd4 Nxd4 31. Rxd4 Ba8 32. b5 Rc3 33. b6 Bc6 34.
Nb5 Rxc5 35. Nxa7 Ra5 36. Nxc6+ Nxc6 37. Rc4 Ne5 38. Rcb4 Nc6 39. Rc4 Ne5 40.
Rcb4 Nc6 41. Rc4 Ne5 1/2-1/2

[Event "Reykjavik Open 2024"]
[Site "Reykjavik ISL"]
[Date "2024.03.20"]
[Round "8.55"]
[White "Skaslien, Ingrid"]
[Black "Pigott, John C"]
[Result "1-0"]
[BlackTitle "IM"]
[WhiteElo "1996"]
[BlackElo "2326"]
[WhiteFideId "1520660"]
[BlackFideId "400459"]
[EventDate "2024.03.15"]

1. d4 Nf6 2. c4 e6 3. Nf3 d5 4. Nc3 c5 5. cxd5 Nxd5 6. e4 Nxc3 7. bxc3 cxd4 8.
cxd4 Bb4+ 9. Bd2 Bxd2+ 10. Qxd2 O-O 11. Bc4 Nd7 12. O-O b6 13. e5 Bb7 14. Qe3
Rc8 15. Rac1 h6 16. Bd3 Rxc1 17. Rxc1 Qb8 18. Nd2 Rc8 19. Re1 Bd5 20. a4 Rc7 21.
Ne4 Qd8 22. Nd6 Nb8 23. Nb5 Rd7 24. Rc1 Nc6 25. f4 Ne7 26. Qd2 Bc6 27. Nd6 Bxa4
28. f5 exf5 29. Qa2 Bc6 30. Qxf7+ Kh8 31. Nxf5 Nd5 32. Qg6 Nf4 33. Qg3 Be4 34.
Qxf4 Bxd3 35. Nd6 Qg5 36. Qxg5 hxg5 37. Rc3 Bg6 38. Kf2 a5 39. Rb3 a4 40. Rxb6
Ra7 41. Nb5 Ra5 42. Rxg6 Rxb5 43. Ra6 Rb4 44. e6 1-0

[Event "Reykjavik Open 2024"]
[Site "Reykjavik ISL"]
[Date "2024.03.20"]
[Round "8.56"]
[White "Joel Paul Ganta"]
[Black "Mohamed, Anees M"]
[Result "0-1"]
[WhiteTitle "CM"]
[BlackTitle "FM"]
[WhiteElo "1993"]
[BlackElo "2271"]
[WhiteFideId "35066145"]
[BlackFideId "35065815"]
[EventDate "2024.03.15"]

1. d4 Nf6 2. c4 e6 3. Nf3 d5 4. Nc3 c6 5. e3 Nbd7 6. Qc2 Bd6 7. Bd3 O-O 8. O-O
dxc4 9. Bxc4 b5 10. Be2 a6 11. Ng5 Qc7 12. h3 c5 13. Bf3 Rb8 14. d5 e5 15. Bg4
Nb6 16. Bxc8 Rbxc8 17. Nce4 Nbxd5 18. Rd1 h6 19. Rxd5 Nxd5 20. Nxd6 hxg5 21.
Nxc8 Qxc8 22. e4 Nf4 23. Bxf4 gxf4 24. Rd1 c4 25. Rd5 Re8 26. Qc3 Qc7 27. Qd2
Qc6 28. Qc3 Qe6 29. a3 f5 30. f3 fxe4 31. fxe4 Qb6+ 32. Kf1 Qf6 33. Kg1 Kh7 34.
Qf3 Qg6 35. Kh1 Re6 36. Qg4 Qxg4 37. hxg4 Kh6 38. Kg1 Kg5 39. Kf2 Kxg4 40. Rd7
g5 41. Rd8 c3 42. bxc3 Rc6 43. Ra8 Rxc3 44. Rxa6 Rc2+ 45. Kf1 Kg3 46. Re6 Rxg2
47. Rxe5 g4 48. Rxb5 Ra2 49. e5 f3 50. Rb1 Rh2 0-1

[Event "Reykjavik Open 2024"]
[Site "Reykjavik ISL"]
[Date "2024.03.20"]
[Round "8.57"]
[White "Sachi Jain"]
[Black "Gislason, Gudmundur"]
[Result "1-0"]
[WhiteTitle "WCM"]
[BlackTitle "FM"]
[WhiteElo "1992"]
[BlackElo "2266"]
[WhiteFideId "25974050"]
[BlackFideId "2300559"]
[EventDate "2024.03.15"]

1. e4 c5 2. Nf3 e6 3. d3 Nc6 4. g3 Nf6 5. Bg2 d5 6. Nbd2 Be7 7. O-O O-O 8. Re1
b5 9. e5 Nd7 10. Nf1 a5 11. a4 b4 12. h4 Qb6 13. Bf4 Re8 14. Ne3 Bf8 15. h5 Bb7
16. Ng4 Ne7 17. Ng5 Nf5 18. Nh2 h6 19. Ngf3 d4 20. g4 Ne7 21. g5 hxg5 22. Nxg5
Bxg2 23. Kxg2 Qc6+ 24. Kh3 Nd5 25. Qf3 Nxf4+ 26. Qxf4 f6 27. exf6 Nxf6 28. Ng4
e5 29. Qf5 Qc8 30. Qxc8 Raxc8 31. Nxe5 Nxh5 32. Nc4 Be7 33. Ne4 Ra8 34. Kg4 g6
35. Kf3 Rf8+ 36. Ke2 Nf4+ 37. Kd2 Rfb8 38. b3 Rf8 39. Rg1 Kg7 40. Rg4 Ra6 41.
Rag1 Nd5 42. Ne5 Nf4 43. Nd7 Rf5 44. Ndxc5 Rc6 45. Nb7 Nh3 46. R1g2 Kf7 47. Rh2 1-0

[Event "Reykjavik Open 2024"]
[Site "Reykjavik ISL"]
[Date "2024.03.20"]
[Round "8.58"]
[White "Riisem, Oyvind"]
[Black "Pozimski, Szymon"]
[Result "1-0"]
[WhiteElo "2234"]
[BlackElo "1999"]
[WhiteFideId "1504673"]
[BlackFideId "1138855"]
[EventDate "2024.03.15"]

1. e4 d5 2. exd5 Qxd5 3. Nc3 Qe5+ 4. Be2 Bg4 5. d4 Bxe2 6. Ngxe2 Qa5 7. d5 c6 8.
b4 Qd8 9. O-O Nf6 10. Nf4 g5 11. dxc6 Nxc6 12. Nd3 Nd5 13. Ne4 Bg7 14. Rb1 h6
15. Qh5 Nf6 16. Nxf6+ Bxf6 17. Be3 Qd5 18. Rfd1 Qxa2 19. b5 Ne5 20. Nb4 Qc4 21.
Nd5 Kf8 22. b6 axb6 23. Nxb6 Qa6 24. Nxa8 Qxa8 25. Rb5 Nc6 26. h4 Qa4 27. Rxb7
Qxc2 28. hxg5 hxg5 29. Rb8+ Nxb8 30. Rd8+ Kg7 31. Qxh8+ Kg6 32. Rg8+ 1-0

[Event "Reykjavik Open 2024"]
[Site "Reykjavik ISL"]
[Date "2024.03.20"]
[Round "8.59"]
[White "Hill, Alistair"]
[Black "Anishka, Vikram"]
[Result "1-0"]
[BlackTitle "WCM"]
[WhiteElo "2187"]
[BlackElo "1995"]
[WhiteFideId "432407"]
[BlackFideId "45013314"]
[EventDate "2024.03.15"]

1. e4 c5 2. Nf3 d6 3. d4 cxd4 4. Nxd4 Nf6 5. Nc3 g6 6. Be3 Bg7 7. f3 O-O 8. Qd2
Nc6 9. g4 Be6 10. Nxe6 fxe6 11. O-O-O Qc8 12. Be2 Ne5 13. Rhe1 Nfd7 14. f4 Nc4
15. Bxc4 Qxc4 16. e5 Rad8 17. exd6 exd6 18. Qd3 Qxd3 19. Rxd3 Nf6 20. h3 b6 21.
Bd2 e5 22. Nb5 exf4 23. Bxf4 Nxg4 24. Rxd6 Nf6 25. Bg5 Rxd6 26. Nxd6 h6 27. Bd2
h5 28. a4 Nd5 29. b3 Nf4 30. Rh1 Nxh3 31. Nb5 Nf2 32. Rg1 Kh7 33. Nxa7 h4 34.
Be1 h3 35. Bxf2 Rxf2 36. Rg3 h2 37. Rh3+ Kg8 38. Nc8 Bd4 39. c3 Bxc3 40. Nxb6
Bd4 41. Nd5 Rf1+ 42. Kc2 h1=Q 43. Rxh1 Rxh1 44. Kd3 Ba7 45. b4 Kf7 46. a5 Ke6
47. Nc7+ Kd7 48. Nb5 Bb8 49. Nc3 Kc6 50. Kc4 Rh4+ 51. Kb3 Rh3 52. Kc4 Rh4+ 53.
Kb3 g5 54. b5+ Kc5 55. b6 Rh3 56. Kc2 g4 57. Nd5 Kxd5 58. a6 Ra3 1-0

[Event "Reykjavik Open 2024"]
[Site "Reykjavik ISL"]
[Date "2024.03.20"]
[Round "8.60"]
[White "Dimitrijeski, Boris"]
[Black "Baldursson, Rani"]
[Result "1-0"]
[WhiteTitle "FM"]
[WhiteElo "2183"]
[BlackElo "1989"]
[WhiteFideId "4638689"]
[BlackFideId "7200668"]
[EventDate "2024.03.15"]

1. d4 Nf6 2. c4 c5 3. d5 b5 4. cxb5 a6 5. b6 Qxb6 6. Nc3 g6 7. Nf3 Bg7 8. e4 d6
9. a4 Nbd7 10. a5 Qc7 11. Be2 O-O 12. O-O Ng4 13. Nd2 Nh6 14. Nc4 Rb8 15. Bg5 f6
16. Bf4 f5 17. Qd2 Nf7 18. exf5 gxf5 19. Rfe1 Nfe5 20. Bh6 Bxh6 21. Qxh6 Rf6 22.
Qg5+ Kh8 23. f4 Nxc4 24. Bxc4 Qd8 25. b3 Nf8 26. Re3 Ng6 27. h4 Rf7 28. Rg3 1-0

[Event "Reykjavik Open 2024"]
[Site "Reykjavik ISL"]
[Date "2024.03.20"]
[Round "8.61"]
[White "Acarbay, Algi"]
[Black "Pujari, Rucha"]
[Result "1/2-1/2"]
[BlackTitle "WIM"]
[WhiteElo "1981"]
[BlackElo "2147"]
[WhiteFideId "6303692"]
[BlackFideId "5024528"]
[EventDate "2024.03.15"]

1. e4 e5 2. Nf3 Nc6 3. Nc3 Nf6 4. a3 Be7 5. d4 exd4 6. Nxd4 d6 7. Nde2 O-O 8. g3
Re8 9. Bg2 Bf8 10. O-O h6 11. h3 Bd7 12. f4 Rb8 13. g4 g6 14. a4 Bg7 15. Ng3 a5
16. Be3 Nb4 17. Qd2 Qe7 18. Rae1 Rbd8 19. b3 Bc8 20. Nd5 Nfxd5 21. exd5 Qh4 22.
Kh2 Bd7 1/2-1/2

[Event "Reykjavik Open 2024"]
[Site "Reykjavik ISL"]
[Date "2024.03.20"]
[Round "8.62"]
[White "Manukonda, Arun"]
[Black "Duong, Thanh Nha"]
[Result "0-1"]
[BlackTitle "IM"]
[WhiteElo "1974"]
[BlackElo "2144"]
[WhiteFideId "5080789"]
[BlackFideId "2601079"]
[EventDate "2024.03.15"]

1. d4 Nf6 2. c4 e6 3. Nc3 Bb4 4. e3 b6 5. Bd3 Bb7 6. Nf3 O-O 7. O-O Bxc3 8. bxc3
Ne4 9. Qc2 f5 10. Nd2 Nxd2 11. Bxd2 Nc6 12. e4 f4 13. e5 Qh4 14. f3 d6 15. exd6
cxd6 16. Rae1 Rf6 17. Re4 e5 18. g3 Qh3 19. Be1 Raf8 20. Qg2 Qc8 21. g4 R6f7 22.
Qh3 g6 23. Qh6 Rg7 24. Bf2 Qc7 25. c5 d5 26. Ree1 bxc5 27. dxe5 Nxe5 28. Rxe5
Qxe5 29. Bxc5 Qxc3 30. Bxf8 Qd4+ 31. Kg2 Kxf8 32. Bb1 Ke8 33. Qg5 0-1

[Event "Reykjavik Open 2024"]
[Site "Reykjavik ISL"]
[Date "2024.03.20"]
[Round "8.63"]
[White "Cansdale, Zach"]
[Black "Birkisson, Bjorn Holm"]
[Result "1/2-1/2"]
[WhiteElo "1951"]
[BlackElo "2140"]
[WhiteFideId "343409024"]
[BlackFideId "2310600"]
[EventDate "2024.03.15"]

1. e4 c5 2. Nc3 Nc6 3. Bb5 Nd4 4. Bc4 e6 5. Nge2 Nf6 6. O-O a6 7. a4 d5 8. exd5
exd5 9. Ba2 Nxe2+ 10. Qxe2+ Be7 11. Re1 Be6 12. d3 O-O 13. Bg5 b5 14. axb5 axb5
15. Nxb5 Qb8 16. Bxf6 Bxf6 17. c4 Bd7 18. Bb3 Rxa1 19. Rxa1 Re8 20. Qf3 dxc4 21.
dxc4 Bxb2 22. Rb1 Qe5 23. h3 Bf5 24. Nd6 Bxb1 25. Qxf7+ Kh8 26. Nxe8 h6 27. Nc7
Qe1+ 28. Kh2 Be5+ 29. f4 Bd4 30. Qe8+ Qxe8 31. Nxe8 g5 32. g3 Be3 33. fxg5 hxg5
34. Nc7 Be4 35. Nb5 Kh7 36. Nc3 Bd3 37. Nd5 Bd4 38. Nb6 Kg6 39. Bd1 Kf5 40. Bf3
Bf6 41. Kg2 Bd8 42. Nd5 Ke5 43. Ne3 Kd4 44. Kf2 Ba5 45. Bd5 Bd2 46. Nf1 Bc1 47.
h4 gxh4 48. gxh4 Bxc4 49. Bxc4 Kxc4 50. Ne3+ Kd4 51. Nd1 Kd3 52. Ke1 Bf4 53.
Nf2+ Kc2 54. Ke2 c4 55. h5 Kb1 56. Ne4 Kc2 57. h6 Bxh6 58. Nd6 c3 59. Ne4 Kb2
60. Nxc3 Kxc3 1/2-1/2

[Event "Reykjavik Open 2024"]
[Site "Reykjavik ISL"]
[Date "2024.03.20"]
[Round "8.64"]
[White "Speck, Stefan"]
[Black "Stanford, Sheila Barth"]
[Result "0-1"]
[BlackTitle "WIM"]
[WhiteElo "1921"]
[BlackElo "2123"]
[WhiteFideId "4639219"]
[BlackFideId "1500953"]
[EventDate "2024.03.15"]

1. e4 c5 2. d3 g6 3. Be2 Bg7 4. f4 d5 5. Nf3 Nc6 6. c3 Nf6 7. e5 Ng8 8. d4 cxd4
9. Nxd4 e6 10. Nb5 Bf8 11. Be3 a6 12. Nd4 Nge7 13. Nxc6 Nxc6 14. O-O Be7 15. Nd2
f6 16. Nf3 O-O 17. exf6 Bxf6 18. Qc2 Bd7 19. Bd3 Qe7 20. Qf2 Qg7 21. Bc5 Rfe8
22. Rad1 b5 23. Bd6 Na5 24. Ne5 Nb7 25. Nxd7 Nxd6 26. Nxf6+ Qxf6 27. Rfe1 Rab8
28. g3 Qd8 29. Qe2 b4 30. Qg4 Qf6 31. cxb4 Rxb4 32. b3 a5 33. Bc2 Kf7 34. Qh3
Kg8 35. Qf1 Qc3 36. Bb1 a4 37. Qa6 Qc5+ 38. Kg2 axb3 39. axb3 Rxb3 40. Rd2 Qb6
41. Qa2 Nc4 42. Rde2 Ra3 43. Qc2 Ne3+ 0-1

[Event "Reykjavik Open 2024"]
[Site "Reykjavik ISL"]
[Date "2024.03.20"]
[Round "8.65"]
[White "Haugen, Lars Tormod"]
[Black "Gikas, Andreas Basilius"]
[Result "1-0"]
[WhiteElo "1945"]
[BlackElo "2104"]
[WhiteFideId "1559966"]
[BlackFideId "4623509"]
[EventDate "2024.03.15"]

1. c4 c6 2. e4 d5 3. cxd5 cxd5 4. exd5 Nf6 5. Nc3 g6 6. Bc4 Bg7 7. Nf3 O-O 8.
O-O Nbd7 9. d3 Nb6 10. Qb3 Bf5 11. Re1 Rc8 12. Bg5 h6 13. Be3 Nfd7 14. Nd4 Nc5
15. Qd1 Bd7 16. Rc1 a5 17. Qd2 Kh7 18. b3 Be8 19. Nde2 e5 20. dxe6 Nxc4 21. e7
Qxe7 22. dxc4 Ne4 23. Nxe4 Qxe4 24. Nf4 Qf5 25. Nd5 Ra8 26. Bd4 Bc6 27. Bxg7
Kxg7 28. Qd4+ f6 29. Ne7 Qd7 30. Nxc6 Qxc6 31. Re7+ Rf7 32. Rce1 Rf8 33. R7e6
Rd7 34. Qe3 Qc7 35. h4 h5 36. Qf3 Rff7 37. Qe4 Rd6 38. Re7 Rd7 39. Re8 Rd8 40.
Re7 Rd7 41. Re6 Rd6 42. g3 Rxe6 43. Qxe6 Qc5 44. Rd1 Qc7 45. Rd6 Kf8 46. Kg2 Kg7
47. a3 Kf8 48. b4 axb4 49. axb4 Kg7 50. c5 Qe7 51. Kf3 Qxe6 52. Rxe6 Rd7 53. Ke4
Kf7 54. Rb6 Ke7 55. f4 Kf7 56. f5 gxf5+ 57. Kxf5 Rd5+ 58. Ke4 Rd7 59. b5 Kg6 60.
c6 bxc6 61. bxc6 Rd1 62. Rb5 Re1+ 63. Kd5 Kf5 64. Kd6+ Kg4 65. c7 1-0

[Event "Reykjavik Open 2024"]
[Site "Reykjavik ISL"]
[Date "2024.03.20"]
[Round "8.66"]
[White "Briem, Benedikt"]
[Black "Muller, Maxime"]
[Result "1/2-1/2"]
[WhiteElo "2102"]
[BlackElo "1961"]
[WhiteFideId "2315432"]
[BlackFideId "26088533"]
[EventDate "2024.03.15"]

1. d4 d5 2. c4 e6 3. Nf3 Nf6 4. g3 Be7 5. Bg2 O-O 6. O-O dxc4 7. Qc2 a6 8. a4
Bd7 9. Qxc4 Bc6 10. Bg5 Nbd7 11. Nc3 h6 12. Bxf6 Nxf6 13. Rfe1 Ne4 14. Qd3 Nxc3
15. bxc3 f5 16. Ne5 Bxg2 17. Kxg2 Bd6 18. Nf3 Qd7 19. e4 c6 20. a5 Rad8 21. Qc4
Qf7 22. exf5 exf5 23. Nd2 Qd5+ 24. Qxd5+ cxd5 25. Rab1 Rd7 26. f4 Rc8 27. Rb3
Kf7 28. Nf3 Rc4 29. Ne5+ Bxe5 30. fxe5 Rdc7 31. Reb1 Rxc3 32. Rxc3 Rxc3 33.
Rxb7+ Ke8 34. Rxg7 Ra3 35. Rg6 Rxa5 36. Rxh6 Ra4 37. Kf3 Rxd4 38. Rxa6 Rd2 39.
h4 d4 40. Kf4 Rf2+ 41. Kg5 Ke7 42. Rd6 Rf3 43. Rxd4 Ke6 44. g4 Kxe5 45. Rd8 fxg4
46. Re8+ Kd6 47. Kxg4 Kd7 48. Re4 Rf7 49. Kg5 Re7 50. Ra4 Re6 51. h5 Ke7 52. Rf4
Re1 53. Kg6 Rg1+ 54. Kh7 1/2-1/2

[Event "Reykjavik Open 2024"]
[Site "Reykjavik ISL"]
[Date "2024.03.20"]
[Round "8.67"]
[White "Pollack, Oscar"]
[Black "Bugaj, Hanna"]
[Result "1-0"]
[WhiteElo "2092"]
[BlackElo "1920"]
[WhiteFideId "429414"]
[BlackFideId "21829870"]
[EventDate "2024.03.15"]

1. e4 c5 2. Nf3 d6 3. d4 Nf6 4. Nc3 cxd4 5. Nxd4 Nc6 6. Bg5 g6 7. Bxf6 exf6 8.
Qd2 Bg7 9. Ndb5 O-O 10. Qxd6 f5 11. O-O-O Qb6 12. Qd2 f4 13. Nd5 Qd8 14. h4 Bg4
15. Be2 Bxe2 16. Qxe2 Nd4 17. Qc4 Nxb5 18. Qxb5 Re8 19. Kb1 Rc8 20. g4 Qd6 21.
h5 Qe5 22. hxg6 hxg6 23. c3 b6 24. Rhe1 Red8 25. c4 Qe8 26. Qb4 a5 27. Ne7+ Kf8
28. Nxg6+ Kg8 29. Rxd8 axb4 30. Rxc8 1-0

[Event "Reykjavik Open 2024"]
[Site "Reykjavik ISL"]
[Date "2024.03.20"]
[Round "8.68"]
[White "Sanitt, Ethan"]
[Black "Sivanandan, Bodhana"]
[Result "1/2-1/2"]
[BlackTitle "WCM"]
[WhiteElo "1914"]
[BlackElo "2088"]
[WhiteFideId "427462"]
[BlackFideId "497592"]
[EventDate "2024.03.15"]

1. c4 c6 2. g3 d5 3. Nf3 Nf6 4. Bg2 Bf5 5. cxd5 cxd5 6. Qb3 Qb6 7. Nc3 Qxb3 8.
axb3 Nc6 9. O-O a6 10. d3 e6 11. Be3 Be7 12. Nd4 Nxd4 13. Bxd4 Bg6 14. e4 dxe4
15. dxe4 Rd8 16. Bxf6 Bxf6 17. e5 Bxe5 18. Bxb7 O-O 19. Bxa6 Rd2 20. Rfe1 Bd4
21. Re2 Rxb2 22. Rxb2 Bxc3 23. Rba2 Bxa1 24. Rxa1 Ra8 25. Rc1 Kf8 26. Bc4 Ra2
27. b4 Rb2 28. b5 Ke7 29. Re1 Rb1 30. Kf1 Kd6 31. Rxb1 Bxb1 32. Ke2 Kc5 33. Ke3
Bc2 34. Be2 Ba4 35. Bd3 h6 36. b6 Kxb6 37. Kd4 Kc6 38. Ke5 Kc5 39. Be2 Bb3 40.
Bh5 f6+ 41. Ke4 g6 42. Be2 Kb4 43. Ke3 Kc3 44. Bb5 Bc2 45. Bc6 Kc4 46. Bb7 Kc5
47. Ba8 Kd6 48. Bg2 Bb3 49. Bf1 Bd5 50. Be2 Kc5 51. Bf1 e5 52. Bd3 f5 53. Bc2
Kc4 54. h4 Kc3 55. Ba4 Bf7 56. Bd7 Kc4 57. f4 Kd5 58. Ba4 Kd6 59. fxe5+ Kxe5 60.
Bc2 Bd5 61. Ba4 g5 62. hxg5 hxg5 63. Bd7 Be4 64. Bb5 Bb1 65. Bf1 Kf6 66. Bb5 Ba2
67. Bf1 Bb3 68. Bb5 Kg6 69. Bf1 Bd1 70. Bd3 Bg4 71. Bb5 Bh3 72. Be8+ Kg7 73. Bb5
Kf6 74. Be8 Bg2 75. Bb5 g4 76. Kf4 Be4 77. Bd7 Bd3 78. Bc8 Be4 79. Bd7 Bd3 80.
Bc8 1/2-1/2

[Event "Reykjavik Open 2024"]
[Site "Reykjavik ISL"]
[Date "2024.03.20"]
[Round "8.69"]
[White "Manucharyan, Andriy"]
[Black "Smits, Eduard"]
[Result "1-0"]
[WhiteElo "2080"]
[BlackElo "1918"]
[WhiteFideId "16260910"]
[BlackFideId "1044184"]
[EventDate "2024.03.15"]

1. d4 d5 2. c4 dxc4 3. e4 Nf6 4. e5 Nd5 5. Bxc4 Nb6 6. Bb3 Nc6 7. Ne2 Bf5 8. O-O
e6 9. Nbc3 Qd7 10. Be3 Be7 11. Ng3 Bg6 12. Qe2 O-O 13. Rfd1 Nb4 14. Rac1 N4d5
15. Qg4 Nxe3 16. fxe3 c6 17. h4 h6 18. Nh5 Nd5 19. Nxd5 cxd5 20. Bc2 Bxh5 21.
Qxh5 Qd8 22. g3 Rc8 23. Qe2 f5 24. exf6 Bxf6 25. Qd3 Qd6 26. Kg2 e5 27. Qh7+ Kf7
28. Bb3 exd4 29. Rxc8 Rxc8 30. exd4 Re8 31. Qf5 Re2+ 32. Kf3 Re7 33. Bxd5+ Kf8
34. Rc1 Rd7 35. Rc8+ Rd8 36. Rxd8+ Qxd8 37. g4 Ke8 38. Qe6+ Be7 39. Qg6+ Kd7 40.
Bxb7 Qf8+ 41. Ke4 Bf6 42. g5 hxg5 43. hxg5 Qb4 44. Qf5+ Ke8 45. Bc6+ Kf8 46.
Qc8+ Ke7 47. Qe8+ Kd6 1-0

[Event "Reykjavik Open 2024"]
[Site "Reykjavik ISL"]
[Date "2024.03.20"]
[Round "8.70"]
[White "Beisteiner, Joachim"]
[Black "Erskine-Pereira, Jack"]
[Result "1-0"]
[WhiteElo "2079"]
[BlackElo "1903"]
[WhiteFideId "1682296"]
[BlackFideId "486388"]
[EventDate "2024.03.15"]

1. e4 e6 2. d4 d5 3. e5 c5 4. c3 Nc6 5. Nf3 Bd7 6. Be2 Nge7 7. Na3 cxd4 8. cxd4
Nf5 9. Nc2 Be7 10. O-O Qb6 11. Kh1 h6 12. Bd3 a5 13. g4 Nfxd4 14. Ncxd4 Nxd4 15.
Be3 Bc5 16. Rc1 Bc6 17. Rxc5 Qxc5 18. Nxd4 Qe7 19. f4 g6 20. Qc2 Rc8 21. Nxc6
bxc6 22. Bc5 Qh4 23. Ba6 Rb8 24. Be2 Kd7 25. Ba3 Rb6 26. Qc5 Qd8 27. f5 gxf5 28.
gxf5 Rg8 29. fxe6+ Kxe6 30. Qf2 Qg5 31. Qxf7+ Kxe5 32. Qc7+ Ke4 33. Bf3+ Ke3 34.
Qxb6+ d4 35. Qb3+ d3 36. Qe6+ Kd2 37. Qe1+ Kc2 38. Qd1# 1-0

[Event "Reykjavik Open 2024"]
[Site "Reykjavik ISL"]
[Date "2024.03.20"]
[Round "8.71"]
[White "Heidarsson, Mikael Bjarki"]
[Black "Payne, Matthew J"]
[Result "0-1"]
[WhiteElo "1913"]
[BlackElo "2077"]
[WhiteFideId "2317532"]
[BlackFideId "417084"]
[EventDate "2024.03.15"]

1. d4 Nf6 2. Nc3 d5 3. Bf4 g6 4. e3 Bg7 5. Nb5 Na6 6. h3 O-O 7. Nf3 Ne4 8. c4 c5
9. Nc3 Qa5 10. Qa4 Qxa4 11. Nxa4 Nb4 12. Rd1 Nc2+ 13. Ke2 cxd4 14. Nxd4 Nxd4+
15. exd4 dxc4 16. Kf3 Bd7 17. Bxc4 Bxa4 18. b3 Nc3 19. Rd3 Bc6+ 20. d5 Bd7 21.
a4 b5 0-1

[Event "Reykjavik Open 2024"]
[Site "Reykjavik ISL"]
[Date "2024.03.20"]
[Round "8.72"]
[White "Jaksland, Tim"]
[Black "Banerjee, Aryan"]
[Result "1-0"]
[WhiteTitle "FM"]
[WhiteElo "2076"]
[BlackElo "1896"]
[WhiteFideId "1401084"]
[BlackFideId "1765035"]
[EventDate "2024.03.15"]

1. e4 e5 2. Nf3 Nf6 3. Nxe5 d6 4. Nf3 Nxe4 5. d3 Nf6 6. d4 d5 7. Bd3 c5 8. O-O
c4 9. Re1+ Be7 10. Bf1 O-O 11. b3 cxb3 12. axb3 Bg4 13. h3 Bh5 14. g4 Bg6 15.
Ne5 Nfd7 16. Nxg6 hxg6 17. Bg2 Nf6 18. Ba3 Bxa3 19. Nxa3 Nc6 20. c3 Qd7 21. Qd3
Rfe8 22. Nc2 Rxe1+ 23. Rxe1 Re8 24. Rxe8+ Qxe8 25. Ne3 Ne7 26. Qe2 Qd7 27. Qa2
b6 28. Qa6 g5 29. Qd3 Ng6 30. Qf5 Qxf5 31. Nxf5 Nf4 32. Bf1 Ne4 33. c4 Nd2 34.
c5 Nxb3 35. c6 Ne6 36. Ne7+ Kf8 37. Nxd5 Ke8 38. c7 Nxc7 39. Nxc7+ Kd7 40. Nb5
a6 41. Nc3 b5 42. d5 Nc5 43. f3 Kd6 44. Kf2 Ke5 45. Ke3 g6 46. Ne4 Kxd5 47. Nxg5
b4 48. Ne4 a5 49. Nxc5 Kxc5 50. h4 Kd5 51. h5 gxh5 52. gxh5 Ke5 53. Bc4 a4 54.
Bxf7 b3 55. Kd3 Kf6 56. Bg6 a3 57. Kc3 a2 58. Kb2 1-0

[Event "Reykjavik Open 2024"]
[Site "Reykjavik ISL"]
[Date "2024.03.20"]
[Round "8.73"]
[White "Tripathi, Pratyush"]
[Black "Barthel, Ansgar"]
[Result "1/2-1/2"]
[WhiteElo "1905"]
[BlackElo "2073"]
[WhiteFideId "1763121"]
[BlackFideId "4643461"]
[EventDate "2024.03.15"]

1. d4 c5 2. e3 g6 3. Nf3 Bg7 4. dxc5 Qa5+ 5. Bd2 Qxc5 6. Bc3 Nf6 7. Bd4 Qc7 8.
c4 Nc6 9. Bc3 O-O 10. Nbd2 e5 11. e4 d6 12. Be2 Nh5 13. Nf1 Nf4 14. Ne3 Be6 15.
Ng5 Nd4 16. Nxe6 fxe6 17. Bf1 Qc6 18. f3 Qb6 19. Qd2 Bh6 20. Ng4 Bg5 21. h4 Be7
22. O-O-O Nc6 23. Qe3 Qxe3+ 24. Nxe3 Rad8 25. Ng4 Nh5 26. Rh3 Nf6 27. Ne3 Nd7
28. Kb1 Nc5 29. h5 Kg7 30. Be2 Na4 31. Be1 Nd4 32. Bf1 Bg5 33. Ng4 Nc5 34. Bc3
Nc6 35. Bd3 Na4 36. Be1 Nd4 37. Bc2 Nb6 38. b3 Nd7 39. Bc3 Nf6 40. Nxf6 Bxf6 41.
Rdh1 g5 42. Bd3 h6 43. Bb4 b6 44. Bc3 1/2-1/2

[Event "Reykjavik Open 2024"]
[Site "Reykjavik ISL"]
[Date "2024.03.20"]
[Round "8.74"]
[White "Schroer, Marcel"]
[Black "Nicholson, Devin"]
[Result "0-1"]
[WhiteElo "2073"]
[BlackElo "1822"]
[WhiteFideId "1012908"]
[BlackFideId "2645394"]
[EventDate "2024.03.15"]

1. d4 d5 2. c4 e6 3. Nf3 a6 4. Bg5 Be7 5. Bxe7 Qxe7 6. Nbd2 Nf6 7. g3 O-O 8. Bg2
dxc4 9. Nxc4 c5 10. O-O Nc6 11. dxc5 Qxc5 12. Rc1 Qe7 13. Qb3 e5 14. Nb6 Be6 15.
Qa4 Rad8 16. e3 Nd5 17. Nxd5 Bxd5 18. Rfd1 h6 19. Rd2 Qf6 20. Ne1 Bb3 21. Qxb3
Rxd2 22. Qxb7 Qxf2+ 23. Kh1 Re2 0-1

[Event "Reykjavik Open 2024"]
[Site "Reykjavik ISL"]
[Date "2024.03.20"]
[Round "8.75"]
[White "Jansen, Marijn"]
[Black "Ptacnikova, Lenka"]
[Result "0-1"]
[BlackTitle "WGM"]
[WhiteElo "1899"]
[BlackElo "2067"]
[WhiteFideId "1089587"]
[BlackFideId "305650"]
[EventDate "2024.03.15"]

1. e4 c5 2. Nf3 e6 3. c3 Nf6 4. e5 Nd5 5. d4 cxd4 6. cxd4 b6 7. Nc3 Nxc3 8. bxc3
Bb7 9. Bd3 Be7 10. O-O O-O 11. Bd2 Nc6 12. Qe2 d5 13. h3 Na5 14. Nh2 Rc8 15. Qh5
g6 16. Qe2 Rc7 17. f4 Nc4 18. Bc1 Bc8 19. f5 exf5 20. g4 fxg4 21. Nxg4 Bxg4 22.
Qxg4 h5 23. Qg2 Rc6 24. Kh1 Kg7 25. Rg1 b5 26. a4 b4 27. cxb4 Bxb4 28. Rb1 a5
29. Bg5 Be7 30. Bxe7 Qxe7 31. Qxd5 Qh4 32. Qg2 Rd8 33. Rb7 Nxe5 34. Bb5 Rc3 35.
Rxf7+ Kxf7 36. Qb7+ Rd7 0-1

[Event "Reykjavik Open 2024"]
[Site "Reykjavik ISL"]
[Date "2024.03.20"]
[Round "8.76"]
[White "Scotti, Martin"]
[Black "Halldorsson, Bragi"]
[Result "1/2-1/2"]
[WhiteElo "1885"]
[BlackElo "2056"]
[WhiteFideId "551035065"]
[BlackFideId "2300907"]
[EventDate "2024.03.15"]

1. d4 Nf6 2. c4 e6 3. Nc3 d5 4. Nf3 c6 5. e3 Nbd7 6. Be2 Bd6 7. O-O O-O 8. b3 b6
9. Bb2 Qe7 10. Rc1 Bb7 11. Bd3 Ba3 12. Bxa3 Qxa3 13. e4 dxe4 14. Nxe4 Nxe4 15.
Bxe4 Nf6 16. Bb1 Rfd8 17. Qe2 c5 18. dxc5 Qxc5 19. Rcd1 h6 20. Ne5 Qc7 21. Rfe1
Kf8 22. h3 Rxd1 23. Rxd1 Rd8 24. Rxd8+ Qxd8 25. Qd3 Qc7 26. Qd4 Ke7 27. b4 Ne8
28. Be4 f6 29. Ng6+ Kf7 30. Bxb7 Qxb7 31. Nh8+ Ke7 32. Ng6+ Kf7 33. Nh8+ 1/2-1/2